000 00412nab a2200145Ia 4500
003 ES-SlBCS
005 20210601131739.0
008 140529s1952 xxu||||| |||| 00| 0 fre d
041 _afre
100 1 _aMars, Price
_9188513
245 0 0 _aAfrique et France en Amérique
_c Price Mars
651 4 _aÁfrica-Francia
_9188514
773 0 _tVie Intelectuelle (La)
_gnº. 8-9, 1952, págs. 63-65
_wRev907
942 _cAR
999 _c568093
_d568093